Ochrana detí - legislatívne zmeny
Legislatívne zmeny v sociálno-právnej ochrane detí a sociálnej kuratele.
Guardado en:
| Autor principal: | |
|---|---|
| Formato: | Capítulo de libro |
| Lenguaje: | eslovaco |
| Materias: | |
| Etiquetas: |
Sin Etiquetas, Sea el primero en etiquetar este registro!
|
MARC
| LEADER | 00000naa a2200000 4500 | ||
|---|---|---|---|
| 001 | 0210036 | ||
| 005 | 20231120130643.1 | ||
| 041 | 0 | |a slo | |
| 044 | |a SK | ||
| 245 | 1 | 0 | |a Ochrana detí - legislatívne zmeny |c Miroslav Tichý |
| 520 | |a Legislatívne zmeny v sociálno-právnej ochrane detí a sociálnej kuratele. | ||
| 610 | 2 | 0 | |a ochrana právna |
| 610 | 2 | 0 | |a deti |
| 610 | 2 | 0 | |a ochrana sociálna |
| 100 | 1 | |a Tichý, Miroslav | |